| 000 | 00652cam a22002173a 4500 | ||
|---|---|---|---|
| 001 | 34139 | ||
| 003 | PGUSA | ||
| 005 | 20140828083734.0 | ||
| 008 | 101026s2010||||xxu|||||s|||||000 | eng d | ||
| 040 |
_aPGUSA _beng |
||
| 042 | _adc | ||
| 100 | 1 |
_aFenn, George Manville, _d1831-1909 |
|
| 245 | 1 | 0 |
_aReal Gold : _bA Story of Adventure _h[electronic resource] / _cGeorge Manville Fenn |
| 260 |
_bProject Gutenberg, _c2010 |
||
| 506 | _aPublic domain in the USA. | ||
| 516 | _aElectronic text | ||
| 700 | 1 |
_aStacey, W. S. _q(Walter S.), _d1846-1929 |
|
| 830 | 0 |
_aProject Gutenberg _v34139 |
|
| 856 | 4 | 0 | _uhttp://www.gutenberg.org/ebooks/34139 |
| 942 | _cEB | ||
| 999 |
_c263394 _d263394 |
||